Cardinal Directions in the Name - Click Quiz - Statistics

General Stats
  • This quiz has been taken 23 times
  • The average score is 22 of 30
Answer Stats
Hint Answer % Correct
Controversial American rapper
Kanye ____
West
100%
1929 war novel by Erich Maria Remarque
All Quiet on the ____ern Front
West
100%
Outdoor apparel company
The _____ Face
North
95%
Balkan country
_____ Macedonia
North
95%
Star of The Good, The Bad and The Ugly
Clint ____wood
East
90%
African nation which gained independence in 2011
_____ Sudan
South
90%
Appalachian state
____ Virginia
West
90%
Dili's country
____ Timor
East
85%
The Hermit Kingdom
_____ Korea
North
85%
2010s Irish boy band
____life
West
85%
Former name of Bangladesh
____ Pakistan
East
80%
Mount Rushmore's state
____ Dakota
South
80%
Batman actor
Adam ____
West
80%
US colonel implicated in the Iran-Contra Scandal
Oliver _____
North
75%
Trey Parker's animated sitcom
_____ Park
South
75%
Rodgers & Hammerstein musical
_____ Pacific
South
70%
British fashion designer
Vivienne ____wood
West
70%
Official name of the Houses of Parliament
Palace of ____minster
West
70%
Christian celebration of the resurrection of Jesus
____er
East
65%
Brutal military campaign by William the Conqueror
Harrying of the _____
North
65%
Turkish-controlled Mediterranean enclave
_____ Cyprus
North
65%
"Stay Another Day" band
____ 17
East
60%
Major rail line on the London Tube network
_____ern Line
North
60%
Capital city of Kiribati
_____ Tarawa
South
60%
Region of Georgia annexed by Russia in 2008
_____ Ossetia
South
60%
Manager of the England football team from 2016 to 2024
Gareth ____gate
South
60%
American sex symbol of the 1940s
Mae ____
West
60%
British serial killer
Fred ____
West
50%
English singer of "Sax"
Fleur ____
East
45%
English actor of Gosford Park and Amistad
Jeremy _____am
North
35%
No matching quizzes found
Score Distribution
Percent of People with Each Score
Percentile by Number Answered
Your Score History
You have not taken this quiz